000
00308 a2200145 4500
001
44930
020
_a
040
_c
Anchieta - Aquarius
240
1
0
_a
#João e o pé de feijão
_l
por
245
1
0
_a
#João e o pé de feijão
300
_a
16
362
0
_a
0
650
4
_a
Literatura infantil
942
_c
BK
999
_c
44930
_d
44930